000 00875nam a22002177a 4500
008 240702b mp ||||| |||| 00| 0 mon d
035 _a26679
040 _aSU1322070
_bmon
_cMN-UlNLM
_dMN-UlNLM
_erda
041 _amon
042 _a68568
084 _2NNA
_a63.3/5Мон/
_bЛ-874
100 _aЛхагва С.
245 0 _aХотгойдын дүүрэгч вангийн хошууны түүх
264 _aУлаанбаатар
_bАдмон ХХК
_c1997
300 _a266х.
336 _2rdacontent
_atext
_btxt
337 _2rdamedia
_aunmediated
_bn
338 _2rdacarrier
_avolume
_bnc
650 _aЭнэ номонд хотогойдын нутаг дэвсгэр, хөрс, уур амьсгал, гол мөрөн, цөөрөм, түүхийн дурсгалт зүйлс, ургамал, ан амьтан, ашигт мал...
942 _2NNA
_cBK
999 _c1077768
_d1077825